| 000 | 01498 a2200217 4500 | ||
|---|---|---|---|
| 001 | 54347 | ||
| 005 | 20260407155815.0 | ||
| 008 | 260407a1953 arg spa d | ||
| 003 | AR-UNSa-BCEJYS | ||
| 040 |
_aAR-UNSa-BCEJYS _bspa _cAR-UNSa-BCEJYS |
||
| 080 |
_a330.1 _xCiencia económica. Conceptos fundamentales de teoría económica. Valor. Capital. Fondos |
||
| 245 | 1 | 0 | _aElementos de análisis económico |
| 264 | 1 |
_aMéxico : _bFondo de Cultura Económica _c1953 |
|
| 300 |
_a261 p. _c21 cm. |
||
| 505 | _aPrimera parte: Análisis de precios - I. La demanda - II. Oferta y costos de producción - III. Formación del precio - IV. Política de precios y de producción - V. Estructuras, niveles y tendencias de los precios - Segunda parte: La empresa,determinación de los precios de los factores,ocupación e ingresos - VI. Previsiones de ganancia e incentivos de la empresa - VII. Producción,ocupación e ingreso - VIII. La demanda de factores de la producción por parte del empresario - IX. La oferta de factores de la producción - Tercera parte: La inversión - X. La inversión real y la valuación de los bienes duraderos - XI. Demanda de fondos para la inversión - XII. La inversión financiera y las transacciones en valores - XIII. Ofertas de fondos para inversión - XIV. Ahorros,ingresos de la propiedad,inversiones y ocupación | ||
| 041 | _aspa | ||
| 942 | _cBK | ||
| 590 | _aniveau_biblio:m niveau_hierar:0 | ||
| 100 | 1 | _aMcIsaac, Archibald M. | |
| 700 | 1 | _aOrnelas, Rodolfo | |
| 999 |
_c5509 _d5509 |
||